Geography Quiz

Random Geography or City Quiz

State by 7th Largest City Quiz Stats

Quiz not verified by Sporcle

Challenge
Share
Tweet
Embed
Score 0/50 Timer 08:00
0 Plays Today
City State % Correct
Long BeachCalifornia
99.3%
TallahasseeFlorida
98%
AlexandriaVirginia
94.1%
ArlingtonTexas
92.8%
PeoriaIllinois
91.5%
BloomingtonIndiana
89.5%
ScottsdaleArizona
86.9%
BethlehemPennsylvania
86.9%
OgdenUtah
86.3%
DanburyConnecticut
83%
KaneoheHawaii
83%
TupeloMississippi
83%
New RochelleNew York
81.7%
CoventryRhode Island
80.4%
OshkoshWisconsin
79.7%
BendOregon
79.1%
TanainaAlaska
77.8%
Council BluffsIowa
77.1%
FrederickMaryland
77.1%
Coeur d'AleneIdaho
75.2%
EverettWashington
75.2%
CaryNorth Carolina
74.5%
MooreOklahoma
68.6%
DothanAlabama
64.7%
Sandy SpringsGeorgia
64.7%
City State % Correct
ArvadaColorado
63.4%
BrattleboroVermont
63.4%
ParmaOhio
61.4%
ShawneeKansas
60.8%
KalispellMontana
60.8%
BrocktonMassachusetts
60.1%
FranklinTennessee
58.8%
Bossier CityLouisiana
57.5%
YanktonSouth Dakota
55.6%
ConwayArkansas
54.9%
Green RiverWyoming
53.6%
DickinsonNorth Dakota
52.3%
SalemNew Hampshire
49.7%
Sunrise ManorNevada
49%
FairmontWest Virginia
49%
O'FallonMissouri
48.4%
SanfordMaine
47.7%
HastingsNebraska
47.1%
SummervilleSouth Carolina
46.4%
ClintonMichigan
43.8%
PlymouthMinnesota
43.8%
HopkinsvilleKentucky
42.5%
LakewoodNew Jersey
40.5%
BrooksideDelaware
39.2%
South ValleyNew Mexico
37.3%

You're not logged in!

Compare scores with friends on all Sporcle quizzes.
Sign Up with Email
OR
Log In

You Might Also Like...

Show Comments

Extras

Top Quizzes Today


Score Distribution

Your Account Isn't Verified!

In order to create a playlist on Sporcle, you need to verify the email address you used during registration. Go to your Sporcle Settings to finish the process.